000 01878nam a2200553 i 4500
001 35610
003 KOSZ 005
005 20240405063109.0
008 230811s1994 pl a g 001 0 pol
015 _aUWD 2011/9711
020 _a839022870X
035 _a991003545109705066
035 _a(PL-WaBN)b25620186-48omnis_nlop
035 _ab25620186
035 _a(OCoLC)169927520
035 _a(PL)b0000002562018
035 _a(EXLNZ-48OMNIS_NETWORK)9910510049705606
040 _aWA N
_cWA N
_dKOSZ 005/RW
045 _bd1944
046 _k1994
080 _a94(438).082.218
100 1 _aKledzik, Maciej
_eAutor
245 1 0 _aMiędzy Marszałkowską i Żelazną, Al. Sikorskiego i Pańską :
_bIV Zgrupowanie AK "Gurt" w Powstaniu Warszawskim /
_cMaciej Kledzik.
246 1 8 _aIV Zgrupowanie AK "Gurt"
250 _aWydanie I.
260 _aWarszawa :
_bBico,
_c1994.
300 _a289, [4] stron :
_bilustracje ;
_c24 cm.
336 _aTekst
_btxt
_2rdacontent
337 _aBez urządzenia pośredniczącego
_bn
_2rdamedia
338 _aWolumin
_bnc
_2rdacarrier
380 _aKsiążki
380 _aPublikacje naukowe
388 1 _a1901-2000
388 1 _a1989-2000
504 _aBibliografia na stronach 287-[290]. Indeks.
610 2 7 _aZgrupowanie "Gurt" (Armia Krajowa)
_2DBN
648 7 _a1901-2000
648 7 _a1939-1945
650 7 _aII wojna światowa (1939-1945)
_2DBN
650 7 _aPowstanie warszawskie (1944)
_2DBN
651 7 _aWarszawa (woj. mazowieckie)
655 7 _aOpracowanie
_2DBN
655 7 _aWydawnictwo źródłowe
_2DBN
658 _aBezpieczeństwo i wojskowość
658 _aHistoria
856 _uhttp://koha.tu.koszalin.pl/cgi-bin/koha/opac-detail.pl?biblionumber=35610
_yKatalog online BPK
942 _2UKD
_cKS
999 _c35610
_d35610